| 000 | 01549nam a2200361 c 4500 | ||
|---|---|---|---|
| 003 | BLK | ||
| 005 | 20250308111935.0 | ||
| 008 | 180411b bul|||||r ||||||| ||bul|| | ||
| 010 | _aKNG00199023000 | ||
| 020 |
_a978-954-527-538-8 _bиздат.: Дамян Яков |
||
| 040 | _aBLK | ||
| 041 |
_aBUL _cBUL |
||
| 072 | 7 |
_2bullib _aН83 _xЧужда художествена литература Н |
|
| 080 |
_aАмериканска литература (на САЩ) _b821.111(73) _x-323 _z821.111(73)-323 |
||
| 100 | 1 |
_aО'Хенри _qПортър, Уилям Сидни _d1862 - 1910 _eпърви автор _gПортър, Уилям Сидни _9104163 |
|
| 700 | 1 |
_aВълчев, Тодор _eпрев. от англ. _9364511 |
|
| 700 | 1 |
_aКалъчев, Милен _eхудож. _9368100 |
|
| 139 |
_aО'Хенри _bО 97 |
||
| 245 | 1 | 0 |
_aВесели разкази _cО'Хенри; прев. от англ. Тодор Вълчев; худож. Милен Калъчев. |
| 250 | _a2. изд. | ||
| 257 | _aUSA | ||
| 260 |
_аСофия _bДамян Яков _c2013 _fВ. Търново : Абагар |
||
| 300 |
_a320 с. _bс ил. _c22 см |
||
| 380 | _aX | ||
| 500 | _a1. изд. 2004 на Дамян Яков. - О. Хенри - псевд. на Уилям Сидни Портър | ||
| 659 | _aН | ||
| 852 | _aЦб 283994 | ||
| 856 | 4 |
_qpdf _u |
|
| 856 | 4 |
_qpdf _u |
|
| 942 |
_cKNG _n0 _049 |
||
| 944 |
_aCR _c06.01.2017 _k30529 _lДиана Гривева |
||
| 944 |
_aED _c06.01.2017 _kПенка_Димитрова |
||
| 999 |
_c189972 _d189972 |
||